Normal view
MARC view
- 1.Engineering mathematics - - Data processing.2.Numerical analysis - - Data processing.
Entry Topical Term
001 - CONTROL NUMBER
- control field: 197
003 - CONTROL NUMBER IDENTIFIER
- control field: NUST
005 - DATE AND TIME OF LATEST TRANSACTION
- control field: 20170509134443.0
008 - FIXED-LENGTH DATA ELEMENTS
- fixed length control field: 170509|| aca||aabn | a|a d
040 ## - CATALOGING SOURCE
- Original cataloging agency: NUST
- Transcribing agency: NUST
150 ## - HEADING--TOPICAL TERM
- Topical term or geographic name entry element: 1.Engineering mathematics - - Data processing.2.Numerical analysis - - Data processing.
670 ## - SOURCE DATA FOUND
- Source citation: Work cat.: (NUST)24431: John H, Methews 196, Numerical Metohod using MATLAB, c2004
